| 000 | 01234nam a22002297a 4500 | ||
|---|---|---|---|
| 003 | OSt | ||
| 005 | 20181121082706.0 | ||
| 008 | 180302b xxu||||| |||| 00| 0 spa d | ||
| 040 | _cPJ | ||
| 100 |
_9120 _aHitters, Juan Carlos |
||
| 245 | 1 | 0 |
_aRevisión de la cosa juzgada / _cJuan C. Hitters; prólogo de Augusto M. Morello. |
| 260 |
_aLa Plata : _bLep, _c1977. |
||
| 300 |
_a338 p. _c23 cm. |
||
| 500 | _aNotas y citas bibliográficas a pie de página. | ||
| 505 | _aContenido: Primera parte: propedeutica -- Segunda parte : historia y derecho comparado -- Análisis histórico de la revisión -- La revisión en el derecho comparado -- Tercera parte: biología de la cosa comparada (dogmática) -- La cosa juzgada -- Esencia mutable de las norma jurídicas -- Axiología -- Cuarta parte: la revisión en el derecho argentino -- La revisión en las diversas disciplinas jurídicas -- Recurso de revisión en el proceso civil -- Acción de nulidad -- Consideraciones finales. | ||
| 650 | 0 |
_9267 _aDERECHO PROCESAL |
|
| 650 | 0 |
_92041 _aRESOLUCIONES JUDICIALES |
|
| 650 | 0 |
_92356 _aSENTENCIA FIRME |
|
| 650 | 0 |
_9965 _aCOSA JUZGADA |
|
| 700 |
_995 _aMorello, Augusto Mario _eprologuista |
||
| 942 |
_2udc _cLIB _h342.95 _iHIT |
||
| 999 |
_c1943 _d1943 |
||